000 00228nam a22000857a 4500
008 170607b xxu||||| |||| 00| 0 eng d
100 _93318
_aSharma. R. D
245 _aThe Story of Rice
260 _aNew Delhi
_bNational Book Trust
_c2003
999 _c6637
_d6637